000 01292cam a22002174a 4500
005 20250605164112.0
008 250528s ||||||||||||||||||||||||d
035 _a17919
020 _a135256194
040 _aGR-AtMCL
_bgre
_dGR-AtMCL
_eAACR2
245 1 _aExploring Corporate Strategy / Fourth Edition
250 _a4th
260 _bPrentice Hall,
_c1997
300 _a516
520 _aThere is a full coverage of corporate governance, global strategies, core competences and resource-led strategies, networks and virtual organizations, internal market mechanisms, the impact of information technology and business process re-engineering. Preface, Introduction, Corporate Strategy: An Introduction, Strategic Management in Practice, Strategic Analysis, Analyzing the Environment, Resources and Competences and Strategic Capability, Stakeholder Expectations and Organizational Purposes, Strategic Choice, Bases of Strategic Choice, Strategic Options: Directions and Methods of Development, Strategy Evaluation and Selection, Strategy Implementation, Organization Structure and Design, Resource Allocation and Control, Managing Strategic Change, Index.
700 1 _aJohnson Gerry
_91786
700 1 _aScholes Kevan
_91787
942 _cBK
999 _c3318
_d3318